| 000 | 00477nam a2200169Ia 4500 | ||
|---|---|---|---|
| 008 | 220216s9999 xx 000 0 und d | ||
| 100 | _aLion A | ||
| 245 | 0 | _aOn the frequency and amplitude dependence of the payne effect : Theory and experiments | |
| 260 |
_bRubber Chemistry and Technology _c2003 |
||
| 300 | _a533-547 | ||
| 650 | _aLinear viscoelasticity | ||
| 650 | _aPayne effect | ||
| 650 | _aPlasticity | ||
| 700 | _aHaupt P | ||
| 700 | _aKardelky C | ||
| 942 | _cJS | ||
| 999 |
_c64366 _d64366 |
||